All Quiet on the western front /Erich Maria Remarque (Record no. 3829)

000 -LEADER
fixed length control field 00276nam a22001097a 4500
003 - CONTROL NUMBER IDENTIFIER
control field OSt
005 - DATE AND TIME OF LATEST TRANSACTION
control field 20170406095007.0
008 - FIXED-LENGTH DATA ELEMENTS--GENERAL INFORMATION
fixed length control field 170406b xxu||||| |||| 00| 0 eng d
020 ## - INTERNATIONAL STANDARD BOOK NUMBER
International Standard Book Number 027778006997
245 ## - TITLE STATEMENT
Title All Quiet on the western front /Erich Maria Remarque
942 ## - ADDED ENTRY ELEMENTS (KOHA)
Source of classification or shelving scheme
Koha item type Fiction and Non- Fiction novels
Holdings
Withdrawn status Lost status Source of classification or shelving scheme Damaged status Not for loan Home library Current library Shelving location Date acquired Total Checkouts Full call number Date last seen Price effective from Koha item type
          Riara University Library Riara University Library Leisure Reading 06/04/2017   nov90 06/04/2017 06/04/2017 Fiction and Non- Fiction novels

Riara University Library,
P.O. Box 49940-00100,
Nairobi, Kenya.